000 00367pab a2200157 454500
008 180718b2002 xxu||||| |||| 00| 0 eng d
100 _aAcharya, B.T.
245 _aUn-organised sector
_bConcept of an organisation
260 _c2002
300 _ap.5-9.
362 _a21 Jul
650 _aWorkers
650 _aOrganizations
773 _aJanata
909 _a53105
999 _c53105
_d53105